Housing aspirations (Record no. 109996)

MARC details
000 -LEADER
fixed length control field 01246cad a22002775a 4500
001 - CONTROL NUMBER
control field E148298
008 - FIXED-LENGTH DATA ELEMENTS--GENERAL INFORMATION
fixed length control field 090901s2007 xxk f s000 0 eng d
020 ## - INTERNATIONAL STANDARD BOOK NUMBER
International Standard Book Number 9780755968169
022 1# - INTERNATIONAL STANDARD SERIAL NUMBER
International Standard Serial Number 0950-2254
035 ## - SYSTEM CONTROL NUMBER
System control number (Sirsi) u148298
041 0# - LANGUAGE CODE
Language code of text/sound track or separate title eng
050 04 - LIBRARY OF CONGRESS CALL NUMBER
Classification number 306.1 $2 18
100 1# - MAIN ENTRY--PERSONAL NAME
Personal name Clegg, Sue
245 00 - TITLE STATEMENT
Title Housing aspirations
Medium [electronic resource]
260 ## - PUBLICATION, DISTRIBUTION, ETC.
Place of publication, distribution, etc. Edinburgh
Name of publisher, distributor, etc. Scottish Government Social Research
Date of publication, distribution, etc. 2007
505 2# - FORMATTED CONTENTS NOTE
Formatted contents note Executive summary -- Introduction -- Literature review -- Current and past housing arrangements -- Attitudes and preferences -- Housing aspirations -- Conclusions and discussion -- Annexes
520 ## - SUMMARY, ETC.
Summary, etc. Presents the results of research aimed at gaining an understanding of the short and long term housing aspirations of households in Scotland. The research consisted of a survey, interviews and a literature review.
521 ## - TARGET AUDIENCE NOTE
Target audience note Advanced
651 #4 - SUBJECT ADDED ENTRY--GEOGRAPHIC NAME
Geographic name Scotland
Chronological subdivision 1999-
690 ## - LOCAL SUBJECT ADDED ENTRY--TOPICAL TERM (OCLC, RLIN)
Topical term or geographic name as entry element PROPERTY-RESIDENTIAL PROPERTY-DOMESTIC RESIDENTIAL PROPERTY-HOUSING
700 1# - ADDED ENTRY--PERSONAL NAME
Personal name Coulter, Alice
700 1# - ADDED ENTRY--PERSONAL NAME
Personal name Edwards, Gareth
700 1# - ADDED ENTRY--PERSONAL NAME
Personal name Strachan, Valerie
856 40 - ELECTRONIC LOCATION AND ACCESS
Uniform Resource Identifier <a href="https://www.scotland.gov.uk/Publications/2007/10/25095712/0">https://www.scotland.gov.uk/Publications/2007/10/25095712/0</a>
Public note View the report free of charge at www.scotland.gov.uk...
942 ## - ADDED ENTRY ELEMENTS (KOHA)
Suppress in OPAC 0
Holdings
Withdrawn status Lost status Source of classification or shelving scheme Damaged status Not for loan Home library Current library Shelving location Date acquired Total Checkouts Full call number Barcode Date last seen Copy number Price effective from Koha item type
    Dewey Decimal Classification     Virtual Virtual Online 01/09/2009   ONLINE PUBLICATION 148298-2001 06/08/2019 1 06/08/2019 Book